000 00415nam a2200169Ia 4500
008 230524s9999 xx 000 0 und d
020 _a9788121900034
082 _bSHE
100 _aM.S.Shetty
_942510
245 0 _aConcrete Technology: Theory and Practice
250 _a7
260 _aNew Delhi
_bS.Chand
_c2015
300 _a"XXVII,660p;"
500 _aQuantity Number: 1
650 _aCivil
942 _cBK
999 _c56941
_d56941